LEADER 00582nab a2200145 i 4500 001 000000266551 003 CaOOAMICUS 005 20070606000000.0 008 070606n xx uu u0 0und r 013 $a10643 040 $aSeMil$bita 245 10$aFamiglia :$belogio del buon senso. - 28 c. - Titolo principale dalla prima pagina. 500 $a25 maggio 2007 (N. 1564). 773 0 $t[2007.$dRoma : Società per l'Informazione Religiosa (SIR), stampa 2007.$w()160711 996 $6245$aFamiglia :$belogio del buon senso. - 28 c. - Titolo principale dalla prima pagina.$9(OLS)http://semarc/title/357910 LEADER 01506nam a2200337 i 4500 001 000000213103 003 CaOOAMICUS 005 20191203151226.0 008 120511s2011 it u000 u ita u 013 $a191958 020 $a978-88-7462-386-0 040 $aSeMil$bita 100 1 $aFlorenskij, Pavel Aleksandrovi?,$d<1882-1937>.$0(OLS)http://semarc/name/34545 240 10$aDialektika.$0(OLS)http://semarc/title/307382 245 10$aStupore e dialettica /$cPavel A. Florenskij ; traduzione di Claudia Zonghetti ; a cura di Natalino Valentini. 260 $aMacerata :$bQuodlibet,$c2011. 300 $a110 p. :$b[2] p. di tav., ritr. ;$c19 cm. 490 0 $aQuodlibet ;$v56 650 4$aStupore.$0(OLS)http://semarc/subject/9079 650 4$aDialettica .$0(OLS)http://semarc/subject/3331 650 4$aStupore .$0(OLS)http://semarc/subject/39857 700 1 $aZonghetti, Claudia.$0(OLS)http://semarc/name/65709 700 1 $aValentini, Natalino,$d<1960- >.$0(OLS)http://semarc/name/43790 830 0$aQuodlibet ;$v56.$0(OLS)http://semarc/title/427208 850 $aSeMil 852 $aSeMil$W1$xVenegono$y1$m2P I 766$j163533$B163533$CSeMilBibl$Z2$F175925 $81 961 $aAcquisto: L.S. srl 996 $6020$a978-88-7462-386-0$9(OLS)http://semarc/number/208914 996 $6245$aStupore e dialettica$9(OLS)http://semarc/title/307381 996 $6260$aMacerata :$bQuodlibet$9(OLS)http://semarc/publisher/33216